书目信息 |
| 题名: |
古今数学思想
|
|
| 作者: | 克莱因 , Kline 著 ;万伟勋 , 石生明 , 孙树本 译 | |
| 分册: | 第三册 | |
| 出版信息: | 上海 上海科学技术出版社 2002 |
|
| 页数: | 375页 | |
| 开本: | 21cm | |
| 丛书名: | ||
| 单 册: | ||
| 中图分类: | O11 | |
| 科图分类: | ||
| 主题词: | 数学史 | |
| 电子资源: | ||
| ISBN: | 7-5323-6174-8 | |
| 000 | 01138nam0 2200289 45 | |
| 005 | 20041021154713.74 | |
| 010 | @a7-5323-6174-8@dCNY 34.00 | |
| 100 | @a20021223e20032002ekmy0chiy0121 ea | |
| 101 | 1 | @achi@ceng |
| 102 | @aCN@b310000 | |
| 105 | @aa z 000yy | |
| 200 | 1 | @a古今数学思想@Agu jin shu xue si xiang@h第三册@f(美)莫里斯·克莱因(Morris Kline)著@g万伟勋, 石生明, 孙树本等译 |
| 210 | @a上海@c上海科学技术出版社@d2002@h2003重印 | |
| 215 | @a375页@c图@d21cm | |
| 304 | @a本书原名: Mathematical thought from ancient to modern times | |
| 320 | @a第(374-375)页附有参考书目 | |
| 330 | @a本书论述从古代一直到20世纪头几十年中的重大数学创造的发展, 重点放在数学历史的主要时期中逐渐冒出来并成为最突出的、并且对于促进和形成尔后的数学活动有影响的主流工作。 | |
| 510 | 1 | @aMathematical thought from ancient to modern times@zeng |
| 606 | 0 | @a数学史 |
| 690 | @aO11@v4 | |
| 701 | 1 | @a克莱因@Ake lai yin@b莫里斯@4著 |
| 701 | A1 | @aKline@bMorris@4著 |
| 702 | 0 | @a万伟勋@Awan wei xun@4译 |
| 702 | 0 | @a石生明@Ashi sheng ming@4译 |
| 702 | 0 | @a孙树本@Asun shu ben@4译 |
| 801 | 0 | @aCN@bQSSKxyq@c20041021 |
| 905 | @a10447@dO11@eM850:3 | |
| 古今数学思想.第三册/(美)莫里斯·克莱因(Morris Kline)著/万伟勋, 石生明, 孙树本等译.-上海:上海科学技术出版社,2002(2003重印) |
| 375页:图;21cm |
| ISBN 7-5323-6174-8:CNY 34.00 |
| 本书论述从古代一直到20世纪头几十年中的重大数学创造的发展, 重点放在数学历史的主要时期中逐渐冒出来并成为最突出的、并且对于促进和形成尔后的数学活动有影响的主流工作。 |
| ● |
| 相关链接 |
|
|
|
正题名:古今数学思想
索取号:O11/M850:3
 
预约/预借
| 序号 | 登录号 | 条形码 | 馆藏地/架位号 | 状态 | 备注 |
| 1 | 421809 | 204218097 | 自科库401/401自科库 105排7列5层/ [索取号:O11/M850:3] | 在馆 | |
| 2 | 421810 | 204218104 | 自科库401/401自科库 105排7列5层/ [索取号:O11/M850:3] | 在馆 | |
| 3 | 421811 | 204218113 | 自科库401/401自科库 69排1列2层/ [索取号:O11/M850:3] | 在馆 |